| 000 | 00873cam a22002777a 4500 | ||
|---|---|---|---|
| 003 | CHAP | ||
| 005 | 20220329141508.0 | ||
| 008 | 971013s r 00010 spa d | ||
| 010 | _a69055 | ||
| 011 | _a70027 | ||
| 035 | _a79506 | ||
| 040 | _cCHAP | ||
| 090 | _aR-3173 | ||
| 100 | 0 | 0 |
_aFlorín, Xavier. _941876 |
| 245 | 1 | 3 | _aLa biodinámica y la cosmobiología |
| 500 | _aSobretiro de: Integral: ecología, salud y vida natural -- 2 ed. -- 1:62 - 63, 1985 | ||
| 501 | _aEnc. con otros impresos similares | ||
| 590 |
_aBATCH-UPD _b10 _c20130110 _lUCH01 _h1156 |
||
| 590 |
_aBATCH-UPD _b10 _c20130410 _lUCH01 _h0739 |
||
| 590 |
_aBATCH-UPD _b10 _c20130914 _lUCH01 _h1121 |
||
| 590 |
_aCONVERSION _b10 _c20130109 _lUCH01 _h1338 |
||
| 650 | 1 | 4 |
_aCultivos _xEfecto del medio ambiente. _930258 |
| 901 | _aBK | ||
| 942 | _cREIMP | ||
| 949 |
_aR-3173 _bBC _cR _d-32395 _eTS1 _i79506 _si |
||
| 999 |
_c69055 _d69055 |
||